Online Catalogue and eLibrary

Build a Bridge : (Record no. 5728)

MARC details
000 -LEADER
fixed length control field 00534nam a2200157Ia 4500
005 - DATE AND TIME OF LATEST TRANSACTION
control field 20241112025744.0
008 - FIXED-LENGTH DATA ELEMENTS--GENERAL INFORMATION
fixed length control field 240331s9999 xx 000 0 und d
020 ## - INTERNATIONAL STANDARD BOOK NUMBER
ISBN 955809580X
082 ## - DDC Classification
Item Number - Author Mark MOO
Class No. 823
100 ## - MAIN ENTRY--PERSONAL NAME
Personal name Moonesinghe,G
245 #0 - TITLE STATEMENT
Title Build a Bridge :
Remainder of title Five Short Stories
260 ## - PUBLICATION, DISTRIBUTION, ETC.
Place of publication, distribution, etc. Sri Lanka
Name of publisher, distributor, etc. Vijitha Yapa Publications
Date of publication, distribution, etc. 2005
300 ## - PHYSICAL DESCRIPTION
Extent (e.g. Volumes, Pages etc.) xv, 142 p .,
500 ## - GENERAL NOTE
General note The short stories in this collection are set against the back drop of the violent conflicts that engulfed Sri Lanka for the past two decades.
942 ## - Koha item type (Biblio)
Koha item type Books in Stacks (Lending)
Holdings
Lost status Damaged status Collection code Home library Current library Shelving location Date acquired Full call number Accession Number Item type
    Lending WERC Library WERC Library Social Science Cupboard 03/31/2024 823 MOO 6642 Books in Stacks (Lending)

© WERC Library